000 01058nab a22002297a 4500
999 _c5898
_d5898
003 OSt
005 20260110002503.0
008 190605e xxu||||| |||| 00| 0 spa d
040 _cPJ
100 _96771
_aRepice, Francisco D. A.
245 1 0 _aEstabilidad del empleado público. Necesidad del sumario /
_cFrancisco D. A. Repice.
260 _aCiudad Autónoma de Buenos Aires :
_bThomson Reuters La Ley,
_c2023.
300 _ap. 18-23
500 _aCita: TR LALEY AR/DOC/1968/2023.
505 _aSumario: I. Estabilidad del empleado público.— II. Omisión de sustanciación de sumario administrativo previo conforme lo normado por el art. 14 bis de la CN.
505 _t¿Te interesa el texto completo? Solicitalo al correo: koha@justierradelfuego.gov.ar
650 0 _91316
_aDERECHO LABORAL
650 0 _9938
_aEMPLEO PUBLICO
650 0 _9877
_aADMINISTRACION PUBLICA
773 0 _02711
_93168
_dCiudad Autónoma de Buenos Aires : Thomson Reuters La Ley, 1999-2002.
_tRevista de derecho del trabajo. Nº 5 - Septiembre 2023
942 _2udc
_cANA